=LDR 00000nam 2200000 4500 =001 INLIS000000000015568 =005 20130612110838 =008 ***********************************Indo** =035 ##$$0010-061300000015568 =041 ##$$a Indo =082 ##$$a 028.55 =090 ##$$a 028.55, Aff m =100 ##$$a Affandi Soleh =245 ##$$a Menjelajahi Nusantara, Ekspedisi Alfred Russil Walace (1854-1862), Soleh Affandi =260 ##$$a 1997 $b Bandung =300 ##$$a v 85 hlm, ilus, 21 cm =650 ##$$a Bacaan Kanak-Kanak =850 ##$$a NBPNMAT